000 00309nam a2200097Ia 4500
008 220120s9999||||xx |||||||||||||| ||und||
100 _aAkshaya, Aswathi, Athul and Navanya
_912646
245 0 _aStegnography in smartphones
260 _aCoorg Institute of Technology
_bPonnampet
_c2017
650 _aCOMPUTER SCIENCE
999 _c138245
_d138245